000 00511nam a2200145Ia 4500
008 220216s9999 xx 000 0 und d
100 _aRzymski W M
245 0 _aModification of plastified soft PVC by epoxidized natural rubber
260 _bInternational Rubber Conference 1997. Rubber Science and Technology: Improving Quality of Life, Kuala Lumpur, Malaysia 6-9 Oct 1997; p1089-1093
650 _aEpoxidised natural rubber
650 _aPVC
700 _aSzczesio M
700 _aWozniak E
942 _cJS
999 _c63113
_d63113